000 00805nam a2200253 a 4500
001
003 DO-SdBNP
005 20220304095550.0
008 150526s2015 dr 000 0 spa d
020 _a9789945082845
040 _aDO-SdBNP
_bspa
_cBPMSU
082 _aRD861.44
_bM878v 2015
_222
100 1 _aMorrison, Mateo,
_d1947-
245 1 0 _aViaje hacia el arúspice :
_brelectura de la obra de José Mármol /
_cMateo Morrison.
260 _aSanto Domingo :
_bBúho,
_c2015.
300 _a103 p. ;
_c23 cm.
500 _aIncluye datos biografícos del autor en la solapa.
504 _aBibliografía p: 97-99
600 1 4 _aMármol, José
_d1960-
_xCrítica e interpretación
650 _aPoesía dominicana
650 _aLiteratura dominicana
_vColecciones
910 _aVMateo V.
942 _2ddc
_cBK
999 _c13706
_d13706